North American Countries - Map Quiz - Statistics

General Stats
  • This quiz has been taken 3,662 times
  • The average score is 13 of 23
Answers on the Map
Answers color-coded by a green-red scale on the quiz's map according to % correct below.
 
Answer Stats
Answer % Correct
Canada
87%
Mexico
87%
USA
87%
Cuba
73%
Panama
72%
Bahamas
70%
Haiti
65%
Dominican republic
63%
El Salvador
61%
Guatemala
60%
Jamaica
60%
Belize
59%
Costa Rica
58%
Nicaragua
57%
Honduras
56%
Trinidad and Tobago
50%
Antigua and Barbuda
35%
Barbados
34%
Saint Kitts and Nevis
32%
Saint Lucia
32%
Grenada
30%
Dominica
28%
Saint Vincent
26%
No matching quizzes found
Score Distribution
Percent of People with Each Score
Percentile by Number Answered
Your Score History
You have not taken this quiz